Building stronger families. (Record no. 13240)

000 -LEADER
fixed length control field 00717nam a2200217 a 4500
001 - CONTROL NUMBER
control field :::00011058$&:&@@
003 - CONTROL NUMBER IDENTIFIER
control field OkBaRHE
005 - DATE AND TIME OF LATEST TRANSACTION
control field 20000607103405.0
008 - FIXED-LENGTH DATA ELEMENTS--GENERAL INFORMATION
fixed length control field s1984 j 000 0 eng u
040 ## - CATALOGING SOURCE
Transcribing agency
100 1# - MAIN ENTRY--PERSONAL NAME
Personal name Money, Royce.
245 10 - TITLE STATEMENT
Title Building stronger families.
260 ## - PUBLICATION, DISTRIBUTION, ETC. (IMPRINT)
Place of publication, distribution, etc Wheaton, IL., :
Name of publisher, distributor, etc Victor Books
Date of publication, distribution, etc c1984
300 ## - PHYSICAL DESCRIPTION
Extent 165 p. ;
Dimensions 21 cm.
490 0# - SERIES STATEMENT
Series statement Home & family.
650 ## - SUBJECT ADDED ENTRY--TOPICAL TERM
Topical term or geographic name as entry element Church Work with Families
650 ## - SUBJECT ADDED ENTRY--TOPICAL TERM
Topical term or geographic name as entry element Family
General subdivision Religious Life
942 ## - ADDED ENTRY ELEMENTS (KOHA)
Source of classification or shelving scheme
Koha item type Books
Copies
Price effective from Withdrawn status Koha item type Not for loan Date acquired Barcode Shelving location Permanent Location Date last seen Copy number Full call number Lost status Source of classification or shelving scheme Damaged status
2010-04-14 Books 2010-04-1411058General StacksRHEMA Bible Training College2010-04-141BV 4526.2 .M56   
2010-04-14 Books 2010-04-1419738General StacksRHEMA Bible Training College2010-04-142BV 4526.2 .M56